<?xml version="1.0" encoding="UTF-8"?>
<record
    xmlns:xsi="http://www.w3.org/2001/XMLSchema-instance"
    xsi:schemaLocation="http://www.loc.gov/MARC21/slim http://www.loc.gov/standards/marcxml/schema/MARC21slim.xsd"
    xmlns="http://www.loc.gov/MARC21/slim">

  <leader>04576nab a22007937  4500</leader>
  <controlfield tag="003">AR-RoUNA</controlfield>
  <datafield tag="022" ind1=" " ind2=" ">
    <subfield code="a">0327-9022</subfield>
  </datafield>
  <datafield tag="040" ind1=" " ind2=" ">
    <subfield code="a">AR-RoUNA</subfield>
    <subfield code="b">spa</subfield>
  </datafield>
  <datafield tag="041" ind1=" " ind2=" ">
    <subfield code="a">spa</subfield>
  </datafield>
  <datafield tag="044" ind1=" " ind2=" ">
    <subfield code="a">ag</subfield>
  </datafield>
  <datafield tag="245" ind1=" " ind2=" ">
    <subfield code="a">Summa+ / </subfield>
    <subfield code="b">Sustentabilidad - Upcycling - Infraestructura - Refugios - Filtros - Perfil: &#xC1;balos+Sentkiewicz</subfield>
  </datafield>
  <datafield tag="260" ind1=" " ind2=" ">
    <subfield code="a">Buenos Aires ,</subfield>
    <subfield code="c">1993</subfield>
  </datafield>
  <datafield tag="300" ind1=" " ind2=" ">
    <subfield code="a">128 p. :</subfield>
    <subfield code="b">il. byn.</subfield>
    <subfield code="b">planos</subfield>
    <subfield code="c">34 X25 cm.</subfield>
  </datafield>
  <datafield tag="505" ind1="0" ind2=" ">
    <subfield code="t">INDICE</subfield>
  </datafield>
  <datafield tag="505" ind1="0" ind2=" ">
    <subfield code="t">&#xA8;el consumo excesivo de recursos no se reducir&#xE1; solo con intervenciones tecnol&#xF3;gicas&#xA8; Wilfred Wang</subfield>
  </datafield>
  <datafield tag="505" ind1="0" ind2=" ">
    <subfield code="a">Mart&#xED;n Di Peco / Aproximaciones, estrategias, inicitivas y experimentos para arquitecturas menos insostenibles. p. 4</subfield>
  </datafield>
  <datafield tag="505" ind1="0" ind2=" ">
    <subfield code="t">ESA EXUBERANTE F&#xC1;BRICA DE NUBES</subfield>
  </datafield>
  <datafield tag="505" ind1="0" ind2=" ">
    <subfield code="a">Carlos Arroyo arqs. / Odstcampus - Ayuntamiento y Centro C&#xED;vico en Odstkamp, B&#xE9;lgica, 2012. p. 6</subfield>
  </datafield>
  <datafield tag="505" ind1="0" ind2=" ">
    <subfield code="t">PAREDES BLANCAS PARA SOMBRAS AZULES</subfield>
  </datafield>
  <datafield tag="505" ind1="0" ind2=" ">
    <subfield code="a">Manuel Oca&#xF1;a / Renovaci&#xF3;n del interior de la Estaci&#xF3;n de Benal&#xFA;a para la nueva Sede de Casa Meditarr&#xE1;neo, Alicante, Espa&#xF1;a, 2012. p. 17</subfield>
  </datafield>
  <datafield tag="505" ind1="0" ind2=" ">
    <subfield code="t">DE ENCERRAR A INTEGRAR</subfield>
  </datafield>
  <datafield tag="505" ind1="0" ind2=" ">
    <subfield code="a">HLPS Arqs. / Parque Cultural Valpara&#xED;so, Chile, 2011. p. 22</subfield>
  </datafield>
  <datafield tag="505" ind1="0" ind2=" ">
    <subfield code="t">UNA PLAZA PALACIO</subfield>
  </datafield>
  <datafield tag="505" ind1="0" ind2=" ">
    <subfield code="a">Lacaton &amp;&#xB4;Vassal / Palais de Tokyo (Fase 2), Paris, Francia, 2012. p. 32</subfield>
  </datafield>
  <datafield tag="505" ind1="0" ind2=" ">
    <subfield code="a">Wilfredo Wang / Tiempo de cambiar de paradigma: el desaf&#xED;o ecol&#xF3;gico para la arquitectura. p. 40</subfield>
  </datafield>
  <datafield tag="505" ind1="0" ind2=" ">
    <subfield code="t">CILINDROS DE PUREZA INDISPENSABLE</subfield>
  </datafield>
  <datafield tag="505" ind1="0" ind2=" ">
    <subfield code="a">Wodmaa-Wodjen &amp; Marques / Planta de tratamiento de aguas residuales, Porto Alegre, Brasil, 2013. p. 44</subfield>
  </datafield>
  <datafield tag="505" ind1="0" ind2=" ">
    <subfield code="t">VUELOS DE ALTA TECNOLOG&#xCD;A NATURAL</subfield>
  </datafield>
  <datafield tag="505" ind1="0" ind2=" ">
    <subfield code="a">Pedro P&#xE9;rez y asoc / Central Hidroel&#xE9;ctrica Guayac&#xE1;n, Chile, 2012. p. 50</subfield>
  </datafield>
  <datafield tag="505" ind1="0" ind2=" ">
    <subfield code="t">PLANOS DE REVEGETACI&#xD3;N PAISAJ&#xCD;STA</subfield>
  </datafield>
  <datafield tag="505" ind1="0" ind2=" ">
    <subfield code="a">Enric Batlle - Joan Rdig arqs. / Centro de tratamiento de residuos del Vall&#xE9;s Occidental, Barcelona, Espa&#xF1;a, 2010. p. 56</subfield>
  </datafield>
  <datafield tag="505" ind1="0" ind2=" ">
    <subfield code="a">Fernando Diez / Holcim Forum, Mumbai 2013. p. 62</subfield>
  </datafield>
  <datafield tag="505" ind1="0" ind2=" ">
    <subfield code="t">EDIFICIO TOPOGR&#xC1;FICO</subfield>
  </datafield>
  <datafield tag="505" ind1="0" ind2=" ">
    <subfield code="a">&#xC1;balos + Sentkiewcz arqs. / Estaci&#xF3;n intermodal, Parque urbano y cinco torres residenciales en Logro&#xF1;o, La Rioja, Espa&#xF1;a, 2012. p. 70</subfield>
  </datafield>
  <datafield tag="505" ind1="0" ind2=" ">
    <subfield code="t">M&#xC1;XIMA COMPACIDAD</subfield>
  </datafield>
  <datafield tag="505" ind1="0" ind2=" ">
    <subfield code="a">&#xC1;balos + Sentkiewcz arqs - Enguita &amp; Lasso de la Vega / Atelier Albert Dehlen,  B&#xFC;hler, Suiza, 2009. p. 76</subfield>
  </datafield>
  <datafield tag="505" ind1="0" ind2=" ">
    <subfield code="t">DISOLUCI&#xD3;N ATMOSF&#xC9;RICA</subfield>
  </datafield>
  <datafield tag="505" ind1="0" ind2=" ">
    <subfield code="a">&#xC1;balos + Sentkiewcz arqs / Fundaci&#xF3; Antoni T&#xE1;pes, Barcelona, Espa&#xF1;a, 2010. p. 80</subfield>
  </datafield>
  <datafield tag="505" ind1="0" ind2=" ">
    <subfield code="a">I&#xF1;aki &#xC1;balos / Som&#xE1;tico - Grotesco. p. 84</subfield>
  </datafield>
  <datafield tag="505" ind1="0" ind2=" ">
    <subfield code="t">CAMPAMENTO PARA SEDENTARIOS</subfield>
  </datafield>
  <datafield tag="505" ind1="0" ind2=" ">
    <subfield code="a">Casey Brown / Campamento Permanente, New South Wales, Argentina, 2007. p. 87</subfield>
  </datafield>
  <datafield tag="505" ind1="0" ind2=" ">
    <subfield code="t">DE CARA AL SOL</subfield>
  </datafield>
  <datafield tag="505" ind1="0" ind2=" ">
    <subfield code="a">Studio Albordi / Casa Solare, Vens, Italia, 2010. p. 90</subfield>
  </datafield>
  <datafield tag="505" ind1="0" ind2=" ">
    <subfield code="t">OCULTOS EN LA SELVA</subfield>
  </datafield>
  <datafield tag="505" ind1="0" ind2=" ">
    <subfield code="a">Estudio Borrachia arqs. / Caba&#xF1;a Torre, Misiones, Argentina, 2012. p. 94</subfield>
  </datafield>
  <datafield tag="505" ind1="0" ind2=" ">
    <subfield code="t">PURA VIDA EN BAMB&#xDA;</subfield>
  </datafield>
  <datafield tag="505" ind1="0" ind2=" ">
    <subfield code="a">Benjam&#xED;n Garc&#xED;a Sake / Un bosque para una admiradora de la luna, Costa Rica, 2010. p. 96</subfield>
  </datafield>
  <datafield tag="505" ind1="0" ind2=" ">
    <subfield code="t">Andrea Gonz&#xE1;lez / Fukushima: rescate urbano. p. 98</subfield>
  </datafield>
  <datafield tag="505" ind1="0" ind2=" ">
    <subfield code="t">UNA SEGUNDA PIEL</subfield>
  </datafield>
  <datafield tag="505" ind1="0" ind2=" ">
    <subfield code="a">Kengo Kuma &amp; Asoc / Tamagawa Takashimata S-C Marronnier Court. Alero Verde, Tokio, Jap&#xF3;n, 2008. p. 102</subfield>
  </datafield>
  <datafield tag="505" ind1="0" ind2=" ">
    <subfield code="a">Schineider Studer Primas Gmbh / Remodelaci&#xF3;n de departamentos para ciudadanos mayores en Dufdurstrasse, Z&#xFA;rich, 2007. p. 104</subfield>
  </datafield>
  <datafield tag="505" ind1="0" ind2=" ">
    <subfield code="a">Elegant Embellishments / Fachada descontaminante de cuasicristal, M&#xE9;xico, 2013. p. 106</subfield>
  </datafield>
  <datafield tag="505" ind1="0" ind2=" ">
    <subfield code="a">Fernando Diez / Clorindo Testa (1923-2013). p. 108</subfield>
  </datafield>
  <datafield tag="505" ind1="0" ind2=" ">
    <subfield code="a">Mercedes Peralta / Fabricaci&#xF3;n y presentaci&#xF3;n: medios digitales para pr&#xF3;ximas arquitecturas. p. 112</subfield>
  </datafield>
  <datafield tag="505" ind1="0" ind2=" ">
    <subfield code="t">EL DETR&#xC1;S DE ESCENA: Frankfurt, Alemania, 2013</subfield>
  </datafield>
  <datafield tag="505" ind1="0" ind2=" ">
    <subfield code="t">LECTURAS EN C&#xD3;DIGO AMERICANO</subfield>
  </datafield>
  <datafield tag="505" ind1="0" ind2=" ">
    <subfield code="a">Ignacio Ros de Olano / Acr&#xF3;polis de Atenas en papel. p. 117</subfield>
  </datafield>
  <datafield tag="505" ind1="0" ind2=" ">
    <subfield code="a">Rafael. E.J. Iglesia, Sandra Rua / Las ciudades y sus marcas. p. 118</subfield>
  </datafield>
  <datafield tag="505" ind1="0" ind2=" ">
    <subfield code="a">Ruth Verde Zein / Las apariencias enga&#xF1;an, o revelan. p. 120</subfield>
  </datafield>
  <datafield tag="505" ind1="0" ind2=" ">
    <subfield code="a">Roberto Fern&#xE1;ndez / Materialismo en Tanganica. p. 125</subfield>
  </datafield>
  <datafield tag="505" ind1="0" ind2=" ">
    <subfield code="a">Mario Sabugo / Edward Gibbon. p. 126</subfield>
  </datafield>
  <datafield tag="505" ind1="0" ind2=" ">
    <subfield code="a">Carlos Gustavo Gim&#xE9;nez / Pol&#xE9;micas disciplinares: esquicios y concursos de encierro en la Escuela de Arquitectura de Buenos Aires. p. 128</subfield>
  </datafield>
  <datafield tag="650" ind1=" " ind2=" ">
    <subfield code="a">Arquitectura contempor&#xE1;nea</subfield>
  </datafield>
  <datafield tag="773" ind1="0" ind2=" ">
    <subfield code="a">Summa+</subfield>
    <subfield code="d">Buenos Aires, Argentina</subfield>
    <subfield code="g">N&#xBA;131 (sep-2013), p. 128</subfield>
    <subfield code="x">0327-9022</subfield>
  </datafield>
  <datafield tag="908" ind1=" " ind2=" ">
    <subfield code="a">Imp</subfield>
  </datafield>
  <datafield tag="942" ind1=" " ind2=" ">
    <subfield code="2">udc</subfield>
    <subfield code="c">ART</subfield>
  </datafield>
  <datafield tag="945" ind1=" " ind2=" ">
    <subfield code="a">MBP</subfield>
    <subfield code="d">2022-07-08</subfield>
  </datafield>
  <datafield tag="980" ind1=" " ind2=" ">
    <subfield code="8">138</subfield>
    <subfield code="g">Carolina Rainero</subfield>
    <subfield code="6">138</subfield>
    <subfield code="a">Carolina Rainero</subfield>
  </datafield>
  <datafield tag="999" ind1=" " ind2=" ">
    <subfield code="c">12277</subfield>
    <subfield code="d">12277</subfield>
  </datafield>
  <datafield tag="952" ind1=" " ind2=" ">
    <subfield code="0">0</subfield>
    <subfield code="1">0</subfield>
    <subfield code="2">udc</subfield>
    <subfield code="4">0</subfield>
    <subfield code="7">0</subfield>
    <subfield code="a">AR-RoUNA</subfield>
    <subfield code="b">AR-RoUNA</subfield>
    <subfield code="c">Heme</subfield>
    <subfield code="d">2025-12-02</subfield>
    <subfield code="e">Sub</subfield>
    <subfield code="l">0</subfield>
    <subfield code="p">1002866</subfield>
    <subfield code="r">2025-12-02</subfield>
    <subfield code="t">ej. 1</subfield>
    <subfield code="w">2025-12-02</subfield>
    <subfield code="y">ART</subfield>
    <subfield code="k">K6</subfield>
    <subfield code="x"></subfield>
  </datafield>
</record>
